[Event "Challenge"]
[Site "http://www.queenalice.com/game.php?id=1456930"]
[Date "2016.12.28"]
[Round "-"]
[White "vangogh"]
[Black "Numimbala"]
[Result "1-0"]
[WhiteElo "1603"]
[BlackElo "1467"]

1. e4 e6 2. e5 d6 3. d4 d5 4. Nf3 h6 5. Nc3 a6 6. a3 Nc6 7. b4 f6 8. Be2 fxe5 9.
dxe5 g5 10. h3 Nge7 11. g4 Bg7 12. b5 Na5 13. Qd4 c6 14. a4 Ng6 15. b6 Bf8 16.
Qd3 Kf7 17. O-O Nf4 18. Qe3 Nxh3+ 19. Kh1 Nf4 20. Qd4 Nc4 21. Bxc4 h5 22. Nxg5+
Qxg5 23. Bxf4 Qh4+ 24. Bh2 Bb4 25. Qf4+ Ke7 26. Ne2 Rf8 27. Qg3 Qg5 28. f4 1-0

[Event "Challenge"]
[Site "http://www.queenalice.com/game.php?id=1456931"]
[Date "2016.12.28"]
[Round "-"]
[White "vangogh"]
[Black "Numimbala"]
[Result "1-0"]
[WhiteElo "1591"]
[BlackElo "1479"]

1. e4 e6 2. e5 d6 3. d4 d5 4. Nf3 h6 5. a3 a5 6. Nc3 c6 7. Be2 b5 8. O-O a4 9.
b4 g5 10. h3 f6 11. h4 g4 12. Nh2 fxe5 13. dxe5 d4 14. Ne4 Nd7 15. Nxg4 Bg7 16.
Qxd4 Bf8 17. c4 h5 18. Nh2 Bg7 19. Qd6 Bxe5 20. Qxe6+ Qe7 21. Qg6+ Kf8 22. Bg5
Bf6 23. Qf5 Kf7 24. Rad1 Ke8 25. Nd6+ Kd8 26. Bf3 Qxd6 27. Rxd6 Bxg5 28. hxg5
1-0

[Event "Challenge"]
[Site "http://www.queenalice.com/game.php?id=1456934"]
[Date "2016.12.28"]
[Round "-"]
[White "ANGELOAZZURRO"]
[Black "Numimbala"]
[Result "0-1"]
[WhiteElo "1432"]
[BlackElo "1468"]

1. e4 e6 2. Nf3 f5 3. exf5 exf5 4. d4 h6 5. Nc3 Bb4 6. a3 Bxc3+ 7. bxc3 d6 8.
Bg5 hxg5 9. Bc4 Nh6 10. h4 Ng4 11. Nxg5 d5 12. Bb5+ Bd7 13. Bxd7+ Qxd7 14. Qe2+
Kf8 15. Ne6+ Kf7 16. Nc5 Qc6 17. Kf1 Re8 18. Qf3 b6 19. Qxf5+ Nf6 20. h5 Qb5+
21. Kg1 bxc5 22. Qg6+ Kg8 23. h6 Re7 24. h7+ Kh8 25. Qf5 Qb2 26. Rf1 Nbd7 27.
Qf4 Rc8 28. dxc5 Nxc5 29. Qd4 Qb5 30. c4 Qxc4 31. Qd2 Re2 32. Qg5 Ne6 33. Qf5
Re8 34. Qg6 Re4 35. f3 Nf4 36. Qf7 Qc5+ 37. Rf2 Ne2+ 38. Kf1 Ng3+ 39. Kg1 Re1+
40. Kh2 Qxf2 41. Rxe1 Rxe1 42. Qf8+ Kxh7 43. Qxf6 Rh1# 0-1

[Event "Challenge"]
[Site "http://www.queenalice.com/game.php?id=1456935"]
[Date "2016.12.28"]
[Round "-"]
[White "ANGELOAZZURRO"]
[Black "Numimbala"]
[Result "1-0"]
[WhiteElo "1430"]
[BlackElo "1486"]

1. e4 e6 2. Nc3 Qf6 3. d3 c6 4. Nf3 a5 5. Bg5 Qg6 6. d4 h6 7. Bh4 Bd6 8. e5 Be7
9. Bxe7 Nxe7 10. Bd3 Qh5 11. h4 Nd5 12. Nxd5 cxd5 13. c4 f6 14. cxd5 exd5 15.
Bb5 Qf7 16. exf6 gxf6 17. O-O Qg6 18. Qe1+ Kd8 19. Rc1 d6 20. g4 Qxg4+ 21. Kh1
Qh3+ 22. Nh2 Qxh4 23. b4 a4 24. Bd3 Nc6 25. b5 Nb4 26. Qxb4 Ke7 27. Rc7+ Ke6 28.
Re1+ Qe4+ 29. Bxe4 f5 30. Bf3+ Kf6 31. Qxd6+ Kg5 32. Qxd5 Kh4 33. Re5 Rf8 34.
Rh7 Kg5 35. Bg2 Kf6 36. Rxh6+ Kg5 37. Qd6 Rg8 38. Nf3+ Kf4 39. Rh2 Rxg2 40. Rxg2
Kxf3 41. Re3# 1-0

[Event "Challenge"]
[Site "http://www.queenalice.com/game.php?id=1456936"]
[Date "2016.12.28"]
[Round "-"]
[White "Givanildo"]
[Black "Numimbala"]
[Result "0-1"]
[WhiteElo "1600"]
[BlackElo "1465"]

1. e3 e6 2. d4 c5 3. d5 Na6 4. a3 Bd6 5. c4 Nf6 6. h3 Ne4 7. Bd3 Nf6 8. Bd2 O-O
9. Nf3 Qb6 10. dxe6 dxe6 11. Ng5 h6 12. Ne4 Nxe4 13. Bxe4 f5 14. Bf3 Be5 15. b4
Bxa1 16. b5 Nc7 17. a4 a5 18. Na3 Be5 19. O-O Ne8 20. e4 fxe4 21. Bxe4 Bb2 0-1

[Event "Challenge"]
[Site "http://www.queenalice.com/game.php?id=1456937"]
[Date "2016.12.28"]
[Round "-"]
[White "Givanildo"]
[Black "Numimbala"]
[Result "0-1"]
[WhiteElo "1623"]
[BlackElo "1442"]

1. e3 e6 2. d4 d5 3. Qg4 g5 4. Bb5+ c6 5. Ba4 b5 6. Bb3 h5 7. Qf3 g4 8. Qe2 a5
9. a4 b4 10. c4 Nf6 11. cxd5 exd5 12. g3 Ne4 13. h3 f5 14. h4 c5 15. Nd2 c4 16.
Bc2 c3 17. Nxe4 fxe4 18. bxc3 bxc3 19. Qb5+ Bd7 20. Qb3 Bc6 21. Qxc3 Bb4 22.
Qxb4 axb4 0-1

[Event "Challenge"]
[Site "http://www.queenalice.com/game.php?id=1466388"]
[Date "2017.2.24"]
[Round "-"]
[White "vangogh"]
[Black "Numimbala"]
[Result "0-1"]
[WhiteElo "1510"]
[BlackElo "1486"]

1. e4 e5 2. d4 Qe7 3. d5 Nf6 4. Nc3 c6 5. d6 Qe6 6. Nf3 h6 7. h3 g5 8. b3 Qxd6
9. b4 Qxb4 10. Bd2 Qc5 11. Na4 Qa3 12. c3 b5 13. Qb3 Qxa4 14. Qxa4 bxa4 15. Nxe5
Nxe4 16. Bc4 Rh7 17. g4 d6 18. Nd3 d5 19. Bxd5 cxd5 20. Ne5 Bd6 21. Nf3 Bc5 22.
O-O Ba6 23. Rfe1 Bxf2+ 24. Kh2 h5 25. Reb1 Be2 26. Ne5 Bg3+ 27. Kg2 Bxe5 28. Re1
Ng3 29. Bxg5 Kf8 30. Rab1 hxg4 31. hxg4 Nd7 32. Rbc1 Bxg4 33. Rb1 Rb8 34. Rbc1
Rb2+ 35. Kg1 Rh1# 0-1

[Event "Challenge"]
[Site "http://www.queenalice.com/game.php?id=1466389"]
[Date "2017.2.24"]
[Round "-"]
[White "vangogh"]
[Black "Numimbala"]
[Result "0-1"]
[WhiteElo "1554"]
[BlackElo "1467"]

1. e4 e5 2. d4 Qe7 3. d5 Nf6 4. Nc3 c6 5. d6 Qe6 6. Nf3 h6 7. h3 Bxd6 8. Be2 b5
9. g4 a5 10. a3 a4 11. g5 b4 12. Nb1 Nxe4 13. axb4 Bxb4+ 14. Bd2 Bc5 15. b4 Nxf2
16. Qc1 Nxh1 17. bxc5 Na6 18. Bc3 d6 19. Rxa4 Qxh3 20. cxd6 O-O 21. Bxe5 Re8 22.
gxh6 f6 23. Bf4 g5 24. Bd2 Qg3+ 25. Kd1 Nf2+ 26. Ke1 Bg4 27. Nd4 Ne4+ 28. Kf1
Qf2# 0-1

[Event "Challenge"]
[Site "http://www.queenalice.com/game.php?id=1467057"]
[Date "2017.3.1"]
[Round "-"]
[White "ajr"]
[Black "Numimbala"]
[Result "0-1"]
[WhiteElo "1614"]
[BlackElo "1503"]

1. Nf3 e6 2. a3 f6 3. e4 d6 4. Nc3 f5 5. exf5 exf5 6. d4 h6 7. Bf4 a6 8. Bc4 b5
9. Bxg8 Rxg8 10. Qd3 g5 11. Qe2+ Be7 12. Be3 Be6 13. h3 c5 14. O-O Bc4 15. Qd2
g4 16. hxg4 Rxg4 17. Bxh6 Qc7 18. Rfe1 Qb7 19. Bg5 Qxf3 20. Rxe7+ Kf8 21. Rae1
Qxg2# 0-1

[Event "Challenge"]
[Site "http://www.queenalice.com/game.php?id=1467058"]
[Date "2017.3.1"]
[Round "-"]
[White "ajr"]
[Black "Numimbala"]
[Result "0-1"]
[WhiteElo "1600"]
[BlackElo "1491"]

1. d4 d5 2. h3 c6 3. Bf4 e6 4. Bxb8 Rxb8 5. e3 a5 6. a3 Nf6 7. Nc3 Ne4 8. Nxe4
dxe4 9. c3 b6 10. Qa4 Bd7 11. Ne2 c5 12. Qc2 Bc6 13. g4 h5 14. Ng3 h4 15. Nxe4
c4 16. Bxc4 b5 17. Bd3 f5 18. Nc5 Bxc5 19. dxc5 Bxh1 20. Qb3 Bd5 21. Qc2 b4 22.
Qa4+ Ke7 23. c4 Bf3 24. Rd1 fxg4 25. Be2 Qc7 26. Bxf3 gxf3 27. Qc2 Qxc5 28. Qg6
Rbg8 29. b3 bxa3 30. Qd3 Rd8 31. Qe4 Qb4+ 32. Kf1 Rxd1# 0-1

[Event "Challenge"]
[Site "http://www.queenalice.com/game.php?id=1473105"]
[Date "2017.4.12"]
[Round "-"]
[White "Numimbala"]
[Black "ajr"]
[Result "0-1"]
[WhiteElo "1477"]
[BlackElo "1644"]

1. e3 h5 2. Bc4 e6 3. h4 g6 4. f4 d5 5. Bb5+ c6 6. Be2 Nf6 7. Nc3 a6 8. a4 Bb4
9. Bf3 Bxc3 10. bxc3 b5 11. axb5 cxb5 12. g4 hxg4 13. Be2 Ne4 14. h5 gxh5 15.
Bxg4 h4 16. Ne2 f5 17. Bf3 Kf7 18. d3 Ng3 19. Nxg3 hxg3 20. Bg2 Rxh1+ 21. Bxh1
Qh4 22. Kd2 Qh2+ 23. Qe2 Qxh1 24. Bb2 Qh3 25. Rg1 Nd7 26. Rg2 Nf6 27. Qf3 Nh5
28. c4 Bb7 29. cxd5 Bxd5 30. e4 fxe4 31. dxe4 Bc6 32. Rg1 Nf6 33. Bxf6 Kxf6 34.
e5+ Kf5 35. Qd3+ Kxf4 36. Qe3+ Kg4 37. Kc1 Rf8 38. Qc5 Rf1+ 39. Rxf1 Qxf1+ 40.
Kb2 Bd5 41. Qb4+ Qc4 42. Qd2 Qa2+ 43. Kc3 Qa5+ 44. Kd3 Bc4+ 45. Ke3 Qxd2+ 46.
Kxd2 g2 47. Kc3 g1=Q 48. Kb4 Kf4 49. Ka5 Qa1+ 50. Kb6 Kxe5 0-1

[Event "Challenge"]
[Site "http://www.queenalice.com/game.php?id=1473306"]
[Date "2017.4.14"]
[Round "-"]
[White "ajr"]
[Black "Numimbala"]
[Result "1-0"]
[WhiteElo "1543"]
[BlackElo "1491"]

1. b4 a5 2. b5 a4 3. c4 c6 4. bxc6 dxc6 5. Nc3 a3 6. h3 g6 7. d3 Qd4 8. Qb3 Nf6
9. Nf3 Qc5 10. Be3 Qd6 11. g3 h6 12. c5 Qc7 13. Bf4 Qd8 14. Nb1 Qa5+ 15. Qc3 Qa6
16. Bxb8 Rxb8 17. Nxa3 b6 18. Nc2 Be6 19. a3 Bd7 20. Ne5 b5 21. Bg2 g5 22. Nxd7
Kxd7 23. Qd4+ Kc8 24. Nb4 Qb7 25. Bxc6 Qa7 26. Nd5 Qc7 27. Nxc7 Bg7 28. Na6 Ra8
29. Bxa8 Re8 30. Bd5 Rd8 31. e4 e6 32. Bxe6+ Rd7 33. Bxd7+ Nxd7 34. Qxg7 f6 35.
c6 Nb6 36. Qc7# 1-0

[Event "Challenge"]
[Site "http://www.queenalice.com/game.php?id=1474215"]
[Date "2017.4.19"]
[Round "-"]
[White "Givanildo"]
[Black "Numimbala"]
[Result "1-0"]
[WhiteElo "1712"]
[BlackElo "1458"]

1. e3 e6 2. d4 Qf6 3. Nf3 a5 4. Bd2 Nc6 5. a3 g5 6. Bc3 g4 7. d5 e5 8. dxc6 gxf3
9. cxd7+ Bxd7 10. b4 a4 11. gxf3 c5 12. f4 Qg6 13. Be2 Bh3 14. Bf3 f6 15. Bxb7
Rb8 16. Bc6+ Kf7 17. Qd7+ Bxd7 18. Bxd7 Qxc2 19. O-O Rd8 20. Bb5 Qf5 21. Bc4+
Ke8 22. f3 Qc2 23. Bb5+ Ke7 24. fxe5 f5 25. Bc4 Rd1 26. bxc5 Rxf1+ 27. Bxf1 Ke6
28. Bc4+ Ke7 29. c6 Kd8 30. Ba5+ Ke8 31. Nc3 Bc5 32. Re1 Bxa3 33. c7 Ne7 34.
Bb5+ Kf7 35. Re2 Rg8+ 36. Kf2 Qc1 37. Bc4+ Kg7 38. Be6 Qh1 39. Kg3 Rc8 40. Bxc8
Nxc8 41. Kf4 Qb1 42. Nxb1 Be7 43. Rb2 a3 44. Rg2+ Kf8 45. Nc3 h6 46. Nd5 Bg5+
47. Kxf5 Bd8 48. cxd8=Q+ Kf7 49. Qg8# 1-0

[Event "Challenge"]
[Site "http://www.queenalice.com/game.php?id=1474216"]
[Date "2017.4.19"]
[Round "-"]
[White "Givanildo"]
[Black "Numimbala"]
[Result "0-1"]
[WhiteElo "1675"]
[BlackElo "1452"]

1. d4 e6 2. d5 Nf6 3. dxe6 dxe6 4. Qxd8+ Kxd8 5. Bg5 h6 6. Bxf6+ gxf6 7. e3 Nc6
8. a3 Ne5 9. Be2 a5 10. Nc3 b6 11. O-O-O+ Bd7 12. Nf3 Nxf3 13. Bxf3 Ra6 14. Nb5
Bd6 15. Nxd6 cxd6 16. Rxd6 Ke7 17. Rhd1 Ra7 18. e4 b5 19. e5 fxe5 20. Be2 Rc8
21. Bf3 Rac7 22. Be4 f5 23. Bf3 Rxc2+ 24. Kb1 R8c7 25. h3 e4 26. Bh5 a4 27. R6d4
Rxf2 28. g4 Bc6 29. gxf5 exf5 30. Rd6 Rh2 31. Bg6 Rf2 32. h4 e3 33. Bh5 Be4+ 34.
Ka1 e2 35. Bxe2 Rxe2 36. Rxh6 f4 37. Rb6 Bc2 38. Rdd6 Re1+ 39. Ka2 Bb3# 0-1

[Event "Challenge"]
[Site "http://www.queenalice.com/game.php?id=1474956"]
[Date "2017.4.24"]
[Round "-"]
[White "Numimbala"]
[Black "mvson33"]
[Result "0-1"]
[WhiteElo "1496"]
[BlackElo "1762"]

1. h4 d5 2. d4 Nc6 3. e3 Bf5 4. Bd3 Bxd3 5. cxd3 Nf6 6. a3 e6 7. Nh3 Be7 8. g4
h6 9. Qa4 Qd6 10. f3 O-O-O 11. b4 a6 12. Bd2 Qg3+ 13. Nf2 Qxf3 14. h5 Nxg4 15.
Rf1 Bh4 16. Nc3 Nxf2 17. Rxf2 Bxf2+ 18. Kf1 Bg3+ 0-1

[Event "Baobab"]
[Site "http://www.queenalice.com/game.php?id=1479153"]
[Date "2017.5.21"]
[Round "-"]
[White "Numimbala"]
[Black "Wigmont"]
[Result "0-1"]
[WhiteElo "1468"]
[BlackElo "1619"]

1. e3 d5 2. d4 Bf5 3. f3 e6 4. h4 Nc6 5. c3 Bd6 6. Bb5 Qd7 7. Bxc6 Qxc6 8. g4
Bg3+ 9. Kf1 Qb5+ 10. Ne2 O-O-O 11. gxf5 exf5 12. f4 Nf6 13. a4 Qa6 14. Rg1 Bxh4
15. Rh1 Bg3 16. Kg2 Ne4 17. Nxg3 g5 18. Nxe4 fxe4 19. f5 Rhg8 20. Rxh7 g4 21. f6
Qxf6 22. Nd2 g3 23. Nf1 Qf2+ 24. Kh3 g2 25. Ng3 Qxg3# 0-1